Statistics for 2014 FIFA World Cup Knockout Stage

Click here to take the quiz!

General Stats

  • This quiz has been taken 56 times
  • The average score is 13 of 16

Answer Stats

Nation % Correct
Germany
98%
Brazil
98%
Argentina
94%
Netherlands
91%
Colombia
89%
France
89%
Uruguay
87%
United States
85%
Mexico
83%
Chile
81%
Belgium
74%
Costa Rica
74%
Switzerland
70%
Nigeria
62%
Algeria
60%
Greece
53%

Score Distribution

Percentile by Number Answered

Percent of People with Each Score

Your Score History

You have not taken this quiz